Pay greater attention to the potential costs (Record no. 73624)

MARC details
000 -LEADER
fixed length control field 00858cam a2200217 4500
001 - CONTROL NUMBER
control field X123971
008 - FIXED-LENGTH DATA ELEMENTS--GENERAL INFORMATION
fixed length control field 031022n2003 000 0 eng u
035 ## - SYSTEM CONTROL NUMBER
System control number (Sirsi) u123971
100 ## - MAIN ENTRY--PERSONAL NAME
Personal name Williamson, H.
245 ## - TITLE STATEMENT
Title Pay greater attention to the potential costs
260 ## - PUBLICATION, DISTRIBUTION, ETC.
Date of publication, distribution, etc. 2003
490 ## - SERIES STATEMENT
Series statement Estates Gazette
Volume/sequential designation (0341) 11 October 2003, 175(1)
520 ## - SUMMARY, ETC.
Summary, etc. Examines the changes brought about by the Civil Procedure Rules 1999. These rules cover the courts' approach to awarding costs at the end of cases. Discusses issues such as the awarding of costs when a successful party have behaved unreasonably such as lengthening a hearing. It specifically covers a dilapidations case.
590 ## - LOCAL NOTE (RLIN)
Local note ABS
650 ## - SUBJECT ADDED ENTRY--TOPICAL TERM
Topical term or geographic name entry element COSTS
650 ## - SUBJECT ADDED ENTRY--TOPICAL TERM
Topical term or geographic name entry element Dilapidations
9 (RLIN) 6235
650 ## - SUBJECT ADDED ENTRY--TOPICAL TERM
Topical term or geographic name entry element JUDGMENTS
650 ## - SUBJECT ADDED ENTRY--TOPICAL TERM
Topical term or geographic name entry element CIVIL PROCEEDURE RULES
690 ## - LOCAL SUBJECT ADDED ENTRY--TOPICAL TERM (OCLC, RLIN)
Topical term or geographic name as entry element LAW-UK
942 ## - ADDED ENTRY ELEMENTS (KOHA)
Suppress in OPAC 0

No items available.